Explorations and Encounters in French (Record no. 93468)
[ view plain ]
| 000 -LEADER | |
|---|---|
| fixed length control field | 01673nam a2200241Ii 4500 |
| 008 - FIXED-LENGTH DATA ELEMENTS--GENERAL INFORMATION | |
| fixed length control field | 221202s xx 000 0 und d |
| 245 #0 - TITLE STATEMENT | |
| Title | Explorations and Encounters in French |
| 264 ## - PRODUCTION, PUBLICATION, DISTRIBUTION, MANUFACTURE, AND COPYRIGHT NOTICE | |
| Name of producer, publisher, distributor, manufacturer | University of Adelaide Press |
| Date of production, publication, distribution, manufacture, or copyright notice | 2010 |
| 300 ## - PHYSICAL DESCRIPTION | |
| Extent | 1 online resource (322 pages) |
| 336 ## - CONTENT TYPE | |
| Content type term | text |
| Content type code | txt |
| Source | rdacontent |
| 337 ## - MEDIA TYPE | |
| Media type term | computer |
| Media type code | c |
| Source | rdamedia |
| 338 ## - CARRIER TYPE | |
| Carrier type term | online resource |
| Carrier type code | cr |
| Source | rdacarrier |
| 520 ## - SUMMARY, ETC. | |
| Summary, etc. | With a title derived literally from the explorations of the French in the Pacific and metaphorically from classroom encounters with another culture-both of which form important subsections to the volume-Explorations and Encounters in French actively seeks to unite those fields of enquiry sometimes seen as separate, namely, culture and language. The essays selected for inclusion in Explorations and Encounters in French bring together many of the current research strands in French Studies today, tapping into current pedagogical trends, analysing contemporary events in France, examining the Franco-Australian past, while reviewing teaching practice and the culture of teaching. Collectively, the essays reflect the common engagement with language, culture and society that characterizes the community of French teachers and scholars in Australia and abroad. |
| 653 ## - INDEX TERM--UNCONTROLLED | |
| Uncontrolled term | Civilization |
| 653 ## - INDEX TERM--UNCONTROLLED | |
| Uncontrolled term | Congresses |
| 653 ## - INDEX TERM--UNCONTROLLED | |
| Uncontrolled term | French |
| 653 ## - INDEX TERM--UNCONTROLLED | |
| Uncontrolled term | Relations |
| 653 ## - INDEX TERM--UNCONTROLLED | |
| Uncontrolled term | Study And Teaching |
| 700 1# - ADDED ENTRY--PERSONAL NAME | |
| Personal name | Fornasiero, Jean |
| 700 1# - ADDED ENTRY--PERSONAL NAME | |
| Personal name | Mrowa-Hopkins, Colette |
| 856 ## - ELECTRONIC LOCATION AND ACCESS | |
| Uniform Resource Identifier | <a href="https://docs.google.com/spreadsheets/d/1yKIrdCPDAG_9c22mwoOIO2DOhtj65Wqa/edit?usp=sharing&ouid=106555315294820607512&rtpof=true&sd=true ">https://docs.google.com/spreadsheets/d/1yKIrdCPDAG_9c22mwoOIO2DOhtj65Wqa/edit?usp=sharing&ouid=106555315294820607512&rtpof=true&sd=true </a> |
| Link text | List of Curated E-Books |
| 942 ## - ADDED ENTRY ELEMENTS (KOHA) | |
| Koha item type | E-Book |
No items available.